La Destruction de Rome Antique (Registro nro. 86695)

Detalles MARC
000 -ENCABEZADO
Número de control [NR] 00550nam a22001577a 4500
008 - DE LONGITUD FIJA DE DATOS DE ELEMENTOS - INFORMACIÓN GENERAL
Elementos de longitud fija [NR] 130821s fr gr fre
040 ## - FUENTE DE CATALOGACION [NR]
Agencia de catalogación original [NR] Co-BoUCM
Idioma de catalogación [NR] spa
041 00 - CODIGO DE IDIOMA [R]
Código de idioma para texto/pista de sonido o título separado [R] Francés
100 ## - ASIENTO PRINCIPAL--NOMBRE PERSONAL [NR]
Nombre personal [NR] Lanciani, R.
ID Autoridad 150081
245 00 - MENCION DE TITULO [NR]
Título [NR] La Destruction de Rome Antique
Mención de responsabilidad, etc. [NR] R. Lanciani ; Traduit de L'Anglais par Le R. P. Dom A. L'Huillier
260 ## - PUBLICACION, DISTRIBUCION, ETC. (PIE DE IMPRENTA) [R]
Lugar de publicación, distribución, etc. [R] Lille (Francia)
Nombre del editor, distribuidor, etc. [R] Desclée de Brouwer
Fecha de publicación, distribución, etc. [R] [fecha desconocida]
300 ## - DESCRIPCION FISICA [R]
Extensión [R] 195 páginas
500 ## - NOTA GENERAL [R]
Nota general [NR] Notas al pie del texto
942 ## - ELEMENTOS DE ENTRADA AGREGADOS (KOHA)
Tipo de ítem principal el descrito en 300a Libro
Tema principal [No clasificado]
Edición 1
Parte restante de la signatura top. L15
Título oculto en OPAC No
Sistema de clasificación DEWEY
Clasificación 937
Existencias
Signatura topográfica Código de barras Última vez visto Ejemplar Price effective from Tipo de ítem Perdido Sistema de clasificación Dañado No prestable Tipo de ítem específico Suprimido Ubicación habitual Ubicación actual Localización Fecha de creación Forma de adquisición Costo
FCS 937 L15 120002408 11/07/2012 Ej.1 03/02/2013 Libro   DEWEY     Fondos especiales     Archivo Histórico Archivo histórico 28/02/2003 Donación 1000.00